[Event "Cagliari Alfa Lum op-A 2nd"]
[Site "Cagliari"]
[Date "2010.09.05"]
[Round "6"]
[White "Carucci, Bruno"]
[Black "Pompianu, Livio"]
[Result "1-0"]
[WhiteElo "1576"]
[BlackElo "1503"]
[PlyCount "65"]
[EventDate "2010.09.03"]
[EventType "swiss"]
[EventRounds "6"]
[EventCountry "ITA"]
[SourceTitle "EXT 2024"]
[Source "ChessBase"]
[SourceDate "2023.10.10"]
[SourceVersion "1"]
[SourceVersionDate "2023.10.10"]
[SourceQuality "1"]

1. d4 d5 2. c4 c6 3. e3 Nf6 4. Nc3 e6 5. Nf3 Nbd7 6. Bd3 Bd6 7. 0-0 Qc7 8. c5 Be7 9. e4 e5 10. dxe5 Nxe5 11. Nxe5 Qxe5 12. exd5 Nxd5 13. Nxd5 cxd5 14. Bb5+ Bd7 15. Bxd7+ Kxd7 16. Re1 Qf5 17. Be3 Rhc8 18. Qa4+ Rc6 19. Rac1 Bd8 20. Qb3 Kc7 21. Red1 Bf6 22. Qxd5 Qxd5 23. Rxd5 Bxb2 24. Rcd1 Rf8 25. Rd7+ Kc8 26. R1d3 Ba3 27. R7d5 Re8 28. Rxa3 a6 29. h3 Ree6 30. Rad3 Re7 31. Bf4 Re1+ 32. Kh2 Rf6 33. Rd8# 1-0

[Event "Cagliari Alfa Lum op-A 2nd"]
[Site "Cagliari"]
[Date "2010.09.04"]
[Round "4"]
[White "Altea, Alessandro"]
[Black "Pompianu, Livio"]
[Result "1-0"]
[WhiteElo "1789"]
[BlackElo "1503"]
[PlyCount "89"]
[EventDate "2010.09.03"]
[EventType "swiss"]
[EventRounds "6"]
[EventCountry "ITA"]
[SourceTitle "EXT 2024"]
[Source "ChessBase"]
[SourceDate "2023.10.10"]
[SourceVersion "1"]
[SourceVersionDate "2023.10.10"]
[SourceQuality "1"]

1. e4 e5 2. Nc3 Nf6 3. Bc4 Nc6 4. d3 Bc5 5. h3 b6 6. Nf3 Bb7 7. a3 Bd4 8. Nxd4 Nxd4 9. Be3 Qe7 10. Bxd4 exd4 11. Nb5 Qe5 12. a4 a6 13. Na3 Qa5+ 14. Ke2 0-0 15. Qd2 Qe5 16. f3 Nh5 17. Kd1 Rae8 18. h4 h6 19. c3 c5 20. Kc2 Re7 21. Rag1 Rfe8 22. g4 Nf4 23. g5 h5 24. g6 d5 25. Rg5 Qd6 26. e5 Rxe5 27. gxf7+ Kxf7 28. Qxf4+ Kg8 29. Rxe5 Rxe5 30. Qh2 Qe6 31. Qg3 Qe7 32. Bb3 dxc3 33. Kxc3 Qf6 34. Kd2 Qh6+ 35. f4 Rf5 36. Rf1 Qf6 37. Kc2 Kh7 38. Nb1 Bc6 39. Nd2 b5 40. axb5 axb5 41. Kc1 g6 42. Qe3 Qf8 43. Nf3 Rxf4 44. Ng5+ Kh8 45. Rxf4 1-0